Analitikai szenzorok

Elmentve itt :
Bibliográfiai részletek
Szerző: Galbács Gábor
További közreműködők: Galbács Péter
Dokumentumtípus: Könyv
Megjelent: 2019-12-03
Kulcsszavak:analitikai
kémia
szenzorika
Tárgyszavak:
Online Access:http://eta.bibl.u-szeged.hu/2421
LEADER 00857nnm a2200265 i 4500
001 eta2421
005 20231005145944.0
008 200203s2019 hu o 0|| hun d
040 |a SZTE Elektronikus Tananyag Archívum  |b hun 
041 |a hun 
100 1 |a Galbács Gábor 
245 1 0 |a Analitikai szenzorok  |h [elektronikus dokumentum] /  |c  Galbács Gábor 
246 1 0 |a Analytical sensors  |h [elektronikus dokumentum] 
260 |c 2019-12-03 
300 |a 232 
516 |a Book 
650 4 |a Természettudományok 
650 4 |a Kémiai tudományok 
650 4 |a Analitikai kémia 
650 4 |a Analitikai kémia 
695 |a analitikai 
695 |a kémia 
695 |a szenzorika 
700 0 1 |a Galbács Péter 
856 4 0 |u https://eta.bibl.u-szeged.hu/2421/1/EFOP343_AP2_jegyzet_Analitikai%20szenzorok%20%28Galbacs%20Gabor%29_20191203.pdf  |z Dokumentum-elérés